• 首页
  • 本馆介绍
  • 公告通知
  • 最新文献
  • 馆藏检索
  • 电子资源
  • 读者导购
  • 参考咨询
  • 我的图书馆
  • 登录
  • 详细信息显示
  • 放入我的书架
  • 预约/预借图书
  • 作者相关作品
  • 分类相关作品
  • 丛书相关作品
  • 出版社相关作品

书目信息

  • 表格格式
  • 工作单格式
  • 卡片格式
题名:
制度质量、金融发展与金融脆弱性的关系研究
    
 
作者: 滑冬玲 著
分册:  
出版信息: 北京   中国社会出版社  2014
页数: 216页
开本: 24cm
丛书名:
单 册:
中图分类: F830.22 , F830.99
科图分类:
主题词: 金融制度--研究 , 金融事业--经济发展--关系--金融危机--研究
电子资源:
ISBN: 978-7-5087-4523-7
000 01095nam0 2200265 450
001 339598
005 20150608163008.10
010    @a978-7-5087-4523-7@dCNY45.00
100    @a20140812d2014 em y0chiy50 ea
101 0  @achi
102    @aCN@b110000
105    @ay z 000yy
106    @ar
200 1  @a制度质量、金融发展与金融脆弱性的关系研究@Azhi du zhi liang 、 jin rong fa zhan yu jin rong cui ruo xing de guan xi yan jiu@f滑冬玲著
210    @a北京@c中国社会出版社@d2014
215    @a216页@d24cm
300    @a天津市哲学社会科学研究规划资助项目“滨海新区金融中心构建与金融脆弱性防范机制研究” 天津师范大学引进人才基金项目“金融发展中制度变量微量指标体系构建”
330    @a本书内容包括: 文献综述;制度、金融发展与金融脆弱性;制度、金融发展与金融脆弱性的实证分析;中国的金融发展和金融脆弱性;构建降低金融脆弱性促进金融发展的制度的框架。
606 0  @a金融制度@x研究
606 0  @a金融事业@x经济发展@x关系@x金融危机@x研究
690    @aF830.22@v5
690    @aF830.99@v5
701  0 @a滑冬玲@Ahua dong ling@f(1976)@4著
801  0 @aCN@b卓展宏图@c20150525
905    @dF830.22@e310@f4
    
    制度质量、金融发展与金融脆弱性的关系研究/滑冬玲著.-北京:中国社会出版社,2014
    216页;24cm
    天津市哲学社会科学研究规划资助项目“滨海新区金融中心构建与金融脆弱性防范机制研究” 天津师范大学引进人才基金项目“金融发展中制度变量微量指标体系构建”
    
    ISBN 978-7-5087-4523-7:CNY45.00
    本书内容包括: 文献综述;制度、金融发展与金融脆弱性;制度、金融发展与金融脆弱性的实证分析;中国的金融发展和金融脆弱性;构建降低金融脆弱性促进金融发展的制度的框架。
●
相关链接 在E读中查询图书 在五车中查询图书 在当当中查询图书 在豆瓣中查询图书


正题名:制度质量、金融发展与金融脆弱性的关系研究     索取号:F830.22/310         预约/预借

序号 登录号 条形码 馆藏地/架位号 状态 备注
1 863298   208632988   第一样本阅览室/ [索取号:F830.22/310] 在馆    
2 863299   208632997   密集书库-海洋学院/ [索取号:F830.22/310] 在馆    
3 863300   208633004   第一借阅区/ [索取号:F830.22/310] 在馆    
4 863301   208633013   第一借阅区/ [索取号:F830.22/310] 在馆    
唐山师范学院图书馆 欢迎您!
大连网信软件有限公司© 版权所有